000 00452nam a22001937a 4500
003 MPLRDC
005 20220104143815.0
008 210129b ||||| |||| 00| 0 eng d
020 _a7-5011-0116-7
082 _a785.28 WRIT
100 _a孙实
245 _a莱特兄弟
_c
250 _a一版一刷
260 _a
_b新华
_c1988
300 _b
490 _a世界名人小传丛书
650 _a美国传记
942 _cBK
_o785.28 WRIT
999 _c43542
_d43532